Delitos económicos (Registro nro. 161335)
[ vista simple ]
| 000 -LEADER | |
|---|---|
| fixed length control field | 02674nam a2200289 a 4500 |
| 007 - PHYSICAL DESCRIPTION FIXED FIELD--GENERAL INFORMATION | |
| fixed length control field | cr ||||||||||| |
| 008 - FIXED-LENGTH DATA ELEMENTS--GENERAL INFORMATION | |
| fixed length control field | 110517s2008 sp ||||fs|||||0|| 0 spa|c |
| 020 ## - INTERNATIONAL STANDARD BOOK NUMBER | |
| International Standard Book Number | 9788498492330 |
| 035 ## - | |
| -- | 2726 |
| 040 ## - CATALOGING SOURCE | |
| Modifying agency | vLex |
| 090 ## - | |
| -- | 2917 |
| -- | 2917 |
| 100 1# - MAIN ENTRY--PERSONAL NAME | |
| Personal name | Trillo Navarro, Jesús Pórfilo |
| 245 10 - TITLE STATEMENT | |
| Title | Delitos económicos |
| Medium | [Recurso electrónico] : |
| Remainder of title | la respuesta penal a los rendimientos de la delincuencia económica / |
| Statement of responsibility, etc | Jesús Pórfilo Trillo Navarro |
| 256 ## - | |
| -- | Servicio en línea |
| 260 ## - PUBLICATION, DISTRIBUTION, ETC. (IMPRINT) | |
| Place of publication, distribution, etc | Madrid : |
| Name of publisher, distributor, etc | Dykinson, |
| Date of publication, distribution, etc | 2008 |
| 300 ## - PHYSICAL DESCRIPTION | |
| Extent | 1 recurso electrónico (252 p.) |
| 500 ## - GENERAL NOTE | |
| General note | La verdadera eficacia del Derecho Penal no se agota en la restauración de la vigencia de la norma desobedecida y quebrantada por el delito mediante la retribución que el castigo punitivo representa, ni en la restauración, reparación del daño o la indemnización de los perjuicios materiales y morales ocasionadas al sujeto pasivo víctima y perjudicados-artículo 110 CP-, como tampoco en la reeducación y reinserción social del delincuente-artículo 25.2 CE- o la prevención esencial y general asignadas como funciones conminatoria y educativa a la pena. Si bien éstas pueden ser admitidas como objeto y finalidad principal de la sanción penal, la sociedad del Estado Social y Democrático de Derecho y de la Globalización demanda otros fines y efectos a un Derecho Penal en el que no sólo la víctima directa, y perjudicados eventuales, de la infracción sean objeto de atención procesal, protección y resarcimiento, sino que más allá de éstas funciones tradicionales debe tener por finalidad el restablecimiento del equilibrio económico social roto por el delito a favor de sus responsables y terceros beneficiarios, y tanto sean de responsabilidad criminal-artículo 127.3 CP- o responsables civiles directos o subsidiarios, e incluso meros terceros participes lucrativos-articulo 122 CP-, sin desechar a priori la responsabilidad de ampliar éste efecto a los que sean a titulo oneroso-vr. Gr. Articulo 374.3 CP. |
| 506 1# - RESTRICTIONS ON ACCESS NOTE | |
| Terms governing access | Contenido solo disponible en los productos indicados |
| Authorized users | vLex Global |
| -- | vLex Global (Academic Edition, excluding Law Schools) |
| -- | vLex Global (U.S. Academic Edition, Law Schools) |
| -- | vLex Global (U.S. Academic Edition, excluding Law Schools) |
| -- | vLex Global (Academic Edition, Law Schools) |
| 650 #4 - SUBJECT ADDED ENTRY--TOPICAL TERM | |
| Topical term or geographic name as entry element | Delitos económicos |
| Geographic subdivision | España |
| 650 #4 - SUBJECT ADDED ENTRY--TOPICAL TERM | |
| Topical term or geographic name as entry element | Daños y perjuicios |
| Geographic subdivision | España |
| 650 #4 - SUBJECT ADDED ENTRY--TOPICAL TERM | |
| Topical term or geographic name as entry element | Derecho y economía |
| 740 0# - | |
| -- | vLex Libros (Servicio en línea) |
| 830 #0 - | |
| -- | Estudios penales ; |
| -- | 8 |
| 856 40 - LOCALIZACIÓN Y ACCESO ELECTRÓNICO | |
| Identificador Uniforme del Recurso (URI/URL) | https://app.vlex.com/#/sources/respuesta-penal-delitos-economicos-2726 |
| 942 ## - | |
| -- | RAA |
| 999 ## - | |
| -- | 161335 |
| -- | 161335 |
No hay ítems disponibles.